Tilastot visalle Suomen harvimmin asutut kunnat

Klikkaa tästä pelataksesi tätä visaa!

Yleistilastot

  • Tätä visaa on pelattu 562 kertaa
  • Keskiarvotulos 20 / 30

Vastaustilastot

Väestötiheys (hlö/km²)VastausMaakunta% Oikein
0,45InariLappi
92%
0,24EnontekiöLappi
89%
0,24UtsjokiLappi
89%
0,62SallaLappi
85%
0,73SodankyläLappi
83%
0,79KittiläLappi
82%
1,22MuonioLappi
80%
1,50KolariLappi
78%
2,01PelloLappi
77%
1,14RanuaLappi
77%
0,16SavukoskiLappi
77%
2,13KemijärviLappi
76%
1,08PosioLappi
75%
0,52PelkosenniemiLappi
72%
2,01YlitornioLappi
71%
1,76KuhmoKainuu
67%
2,13SimoLappi
66%
1,52SuomussalmiKainuu
65%
1,97TervolaLappi
61%
1,43PudasjärviPohjois-Pohjanmaa
60%
1,83IlomantsiPohjois-Karjala
57%
1,08PuolankaKainuu
56%
1,66TaivalkoskiPohjois-Pohjanmaa
56%
1,63HyrynsalmiKainuu
54%
1,56RistijärviKainuu
49%
1,64UtajärviPohjois-Pohjanmaa
39%
1,45RautavaaraPohjois-Savo
36%
1,60LestijärviKeski-Pohjanmaa
32%
1,97PyhäntäPohjois-Pohjanmaa
28%
2,21MultiaKeski-Suomi
26%

Tulosjakauma

Persentiili vastausten määrän mukaan

Jokaisen tuloksen saaneiden osuus

Tuloshistoriasi

Et ole pelannut tätä visaa